000 00773nam a2200217 i 4500
001 171485
003 ES-MaACL
005 20230906214639.0
008 090519s1974 sp |||| | spa d
017 _aM 40568-1973
020 _a84-220-0661-8
100 0 _aGabriel, Leo.
_953150
245 1 0 _aFilosofía de la existencia /
_cpor Leo Gabriel ; [la traducción española ha sido realizada por Luis Pelayo Arribas].
260 _aMadrid :
_bLa Editorial Católica,
_c1974.
300 _a352 p., 1 h. ;
_c20 cm.
500 _aÍndices.
505 8 _aContiene : Kierkegaard, Heidegger, Jaspers, Sartre ; Diálogo de las posiciones
594 _aTraducción de : Existenzphilosophie.
700 0 _aPelayo Arribas, Luis.
_990028
852 _aES-MaACL
_jJ-345
_9R.46092
999 _c171485
_d171485